| 000 | 00553nam a2200217Ia 4500 | ||
|---|---|---|---|
| 003 | OSt | ||
| 005 | 20251103132425.0 | ||
| 008 | 210423s2019 xx 000 0 und d | ||
| 020 | _a978-93-87760-15-8 | ||
| 040 | _cAL | ||
| 041 | _aEnglish | ||
| 082 |
_a344.01 _bGIRL |
||
| 100 |
_aDevanand Giradkar _9119614 |
||
| 245 | _aLabour legislation | ||
| 260 |
_aJaipur _bSatyam Publishers _c2019 |
||
| 300 |
_avii, 294 _bHB |
||
| 365 |
_b1595 _cINR |
||
| 650 |
_aSocial Labour Welfare Law _9119615 |
||
| 906 | _aLabour ; legislation | ||
| 942 |
_2ddc _cBK |
||
| 999 |
_c176638 _d176638 |
||